000 00535nam a2200217Ia 4500
003 OSt
005 20220928150138.0
006 a|||||r|||| 00| 0
007 ta
008 220927b |||||||| |||| 00| 0 eng d
024 _a88524
037 _cTextual
040 _aSDCL
_cSDCL
_beng
041 _2eng
_aeng
082 _aO15:g, 111K5
100 _aChaitanya Krishna
_9413715
245 0 _aSanskrit poetics.
260 _c1965
942 _hO15:g, 111K5
_cTEXL
_2CC
999 _c840375
_d840375